Statystyki dla Wiedza Ogólna #3 -50 Pytań

Kliknij tutaj aby rozwiązać quiz!

Ogólne statystyki

  • Ten quiz został rozwiązany 5 126 razy
    (3 179 od ostatniego zresetowania)
  • Średni wynik to 19 z 50

Statystyki odpowiedzi

LpPytanieOdpowiedź% Poprawnych
16W ilu stopniach Celsjusza wrze woda?100*C
87%
5Ile wynosi pierwiastek sześcienny z liczby 729?9
76%
12Jak nazywał się twórca owej teorii?Albert Einstein
76%
46Jakie kolory znajdują się na fladze Niemiec?Czarny, czerwony, żółty
76%
18Jakie nazwy noszą zwrotniki na Ziemi?Zwrotnik Raka i Zwrotnik Koziorożca
76%
4Napisz pierwszy wers Inwokacji z Pana Tadeusza.Litwo! Ojczyzno moja! ty jesteś jak zdrowie,
75%
14Z jakim kontynentem należy wiązać organizację NAFTA?Ameryka Północna
72%
21Wymienień wszystkich sąsiadów Polski zgodnie z ruchem wskazówek zegara. (zaczynając od północy)Rosja, Litwa, Białoruś, Ukraina, Słowacja, Czechy, Niemcy
71%
13Jak nazywamy skalę kwasowości oraz zasadowości?Skala pH
60%
9Jaką właściwość tej bryły obliczymy stosując wyżej wymieniony wzór?Objętość
59%
8Jakiej bryły dotyczy wzór πr^2H?Walec
58%
1Które z województw mają dwie stolice?Kujawsko-Pomorskie i Lubuskie
57%
28Zespół składający się z ośmiu muzyków można nazwać....Oktet
55%
11Częścią jakiej teorii jest wyżej wymienione równanie?Teoria Względności
55%
27Przy ilu stopniach Kelwina mówimy o tzw. "Zerze Bezwzględnym (Absolutnym)"?0*K
53%
32Jaką inną nazwę nosi tkanina o nazwie denim?Dżins
53%
38Jak rzymskimi cyframi zapiszesz liczbę 2469?MMCDLXIX
50%
24Jak nazywa się jezioro, które pojawia się w tytule jednej z ballad Adama Mickiewicza?Świteź
45%
35Jaką nazwę nosi stolica Kuwejtu?Kuwejt
43%
15Wymień wszystkie kraje członkowskie tej organizacji. (Nie używaj skrótowców!)Stany Zjednoczone, Kanada, Meksyk
43%
19Jak nazywamy proces podziału redukcyjnego jądra komórkowego, z którego powstają 4 jądra o połowie chromosomów?Mejoza
36%
2W jakim kraju odbędą się najbliższe zimowe igrzyska olimpijskie?Chiny
35%
42Wypisz wszystkie kraje z jakimi graniczy Dominikana.Haiti
35%
20Który z polskich parków narodowych ma nietoperza w logo?Ojcowski Park Narodowy
33%
29Jak nazywa się jedyny stan w USA na literę "R"?Rhode Island
33%
43Jak nazywa się cieśnina która łączy Morze Śródziemne z Oceanem Atlantyckim?Cieśnina Gibraltarska
32%
10Czym jest "c" w równaniu E=MC^2Prędkość Światła
32%
6Jaki wzór sumaryczny ma amoniak?NH3
28%
33Jak nazywa się jednostka monetarna Chin?Yuan
28%
49Jakim skrótem literowym oznacza się ekrany ciekłokrystaliczne?LCD
27%
44Jak nazywa się proces odwrotny do różniczkowania?Całkowanie
26%
50Jak nazywała się popularna w Polsce podróbka japońskiej konsoli Nintendo Entertaiment System?Pegasus
26%
48W którym roku doszło do tzw. "Odsieczy Wiedeńskiej"?1683
24%
40W którym roku nadawanie rozpoczęła stacja MTV?1981
24%
26Który utwór zespołu Scorpions należy kojarzyć z upadkiem komunizmu w Europie?Wind of Change
23%
25Jaką nazwę nosiła pierwsza przenośna konsola firmy Nintendo, korzystająca z nośnika zewnętrznego?GameBoy
22%
23Jak nazywa się słowiańskie święto związane z przesileniem letnim?Noc Kupały
21%
31Według, którego równoleżnika podzielona jest Korea?38*N
20%
17W ile stopniach Fahrenheita wrze woda?212*F
16%
47Jak nazywa się niższa izba parlamentu Rosji?Duma Państwowa Federacji Rosyjskiej
16%
30Jaką nazwę noszę sporne pomiędzy Rosją a Japonią wyspy?Kuryle
14%
22W którym z krajów 99,9% społeczności to wyznawcy Islamu?Maroko
11%
37Wymień wszystkie polskie podtytuły sagi Gwiezdnych Wojen. (w kolejności Epizod I-VI)Mroczne Widmo, Atak Klonów, Zemsta Sithów, Nowa Nadzieja, Imperium Kontratakuje, Powrót Jedi
11%
7Jaki związek chemiczny potocznie nazywany jest ciężką wodą?Deuter
10%
34Jakimi słowami kończą się "Stepy Akermańskie" Adama Mickiewicza? (4 ostatnie słowa)Jedźmy, nikt nie woła.
9%
41W jakim mieście znajduje się muzeum Coca-Coli?Atlanta
7%
3W latach 1918-1929 jaką oficjalną nazwę nosiła Jugosławia?Królestwo Serbów, Chorwatów i Słoweńców
7%
36Jak nazywało się referendum z 1946 w którym władze komunistyczne zachęcały do głosowania "Trzy Razy Tak!"?Referendum Ludowe
5%
45Jak nazywał się rzekomy najgorszy reżyser wszech czasów? Twórca takich filmów jak "Glen or Glenda" oraz "Plan 9 from Outer Space"?Ed Wood
3%
39Napisz w kolejność od jeden do dziesięciu liczebniki porządkowe w języku francuskim.Un, Deux, Trois, Quatre, Cinq, Six, Sept, Huit, Neuf, Dix
3%

Rozkład punktacji

Percentyl według liczby udzielonych odpowiedzi

Procent ludzi z każdym wynikiem

Twoja historia wyników

Nie rozwiązałeś tego quizu od ostatniego zresetowania